书目信息 |
| 题名: |
聚焦英语课堂教学变革构建科学评价体系
|
|
| 作者: | 黄春兰 著 | |
| 分册: | ||
| 出版信息: | 北京 现代出版社 2022 |
|
| 页数: | 157页 | |
| 开本: | 24cm | |
| 丛书名: | 名师名校名校长书系 | |
| 单 册: | ||
| 中图分类: | G633.412 | |
| 科图分类: | ||
| 主题词: | 英语课--课堂教学--教学研究--中小学 | |
| 电子资源: | ||
| ISBN: | 978-7-5143-9385-9 | |
| 000 | 00928nam0 2200241 450 | |
| 001 | 2375058296 | |
| 005 | 20231022205108.27 | |
| 010 | @a978-7-5143-9385-9@dCNY45.00 | |
| 100 | @a20221128d2022 em y0chiy50 ea | |
| 101 | 0 | @achi |
| 102 | @aCN@b110000 | |
| 105 | @aa z 000yy | |
| 200 | 1 | @a聚焦英语课堂教学变革构建科学评价体系@Aju jiao ying yu ke tang jiao xue bian ge gou jian ke xue ping jia ti xi@f黄春兰著 |
| 210 | @a北京@c现代出版社@d2022 | |
| 215 | @a157页@c照片@d24cm | |
| 225 | 1 | @a名师名校名校长书系 |
| 330 | @a本书共六章,内容包括:英语课堂教学与变革、多媒体技术与英语课堂教学变革、VR沉浸式教学与英语课堂教学变革、英语课堂教学内容评价体系、英语课堂教学过程评价体系、英语课堂组织评价体系。 | |
| 410 | 0 | @12001 @a名师名校名校长书系 |
| 606 | 0 | @a英语课@x课堂教学@x教学研究@x中小学 |
| 690 | @aG633.412@v5 | |
| 701 | 0 | @a黄春兰@Ahuang chun lan@4著 |
| 801 | 0 | @aCN@b91MARC@c20230106 |
| 905 | @aZUCC@dG633.412@e11 | |
| 聚焦英语课堂教学变革构建科学评价体系/黄春兰著.-北京:现代出版社,2022 |
| 157页:照片;24cm.-(名师名校名校长书系) |
| ISBN 978-7-5143-9385-9:CNY45.00 |
| 本书共六章,内容包括:英语课堂教学与变革、多媒体技术与英语课堂教学变革、VR沉浸式教学与英语课堂教学变革、英语课堂教学内容评价体系、英语课堂教学过程评价体系、英语课堂组织评价体系。 |
| ● |
| 相关链接 |
|
|
|
正题名:聚焦英语课堂教学变革构建科学评价体系
索取号:G633.412/11
 
预约/预借
| 序号 | 登录号 | 条形码 | 馆藏地/架位号 | 状态 | 备注 |
| 1 | 2001034107 | 2001034107 | 第四书库/四8架A面3层2列/ [索取号:G633.412/11] | 在馆 | |
| 2 | 2001034108 | 2001034108 | 第四书库/四8架A面3层2列/ [索取号:G633.412/11] | 在馆 | |
| 3 | 2001034109 | 2001034109 | 第四书库/四8架A面3层2列/ [索取号:G633.412/11] | 在馆 | |
| 4 | 2001034110 | 2001034110 | 第四书库/四8架A面3层2列/ [索取号:G633.412/11] | 在馆 | |
| 5 | 2001034111 | 2001034111 | 第四书库/四8架A面3层2列/ [索取号:G633.412/11] | 在馆 | |
| 6 | 2001034112 | 2001034112 | 第四书库/四8架A面3层2列/ [索取号:G633.412/11] | 在馆 |